00422nam a22001097a 4500008004100000040005500041080001900096245010600115260006900221300001000290650001200300230221b |||||||| |||| 00| 0 eng d aNational Science LibrarycNational Science Library a624(082.2)bP7 aPlenary papers & abstracts c/ Bengal Engineering and Science University, 11-14 January 2007, Shibpur aHowrah: bBengal Engineering and Science University, c2007 a267p. aScience